Eclipse : (Record no. 234876)
[ view plain ]
| 000 -LEADER | |
|---|---|
| fixed length control field | 01898cam a22002774a 4500 |
| 001 - CONTROL NUMBER | |
| control field | 12530270 |
| 003 - CONTROL NUMBER IDENTIFIER | |
| control field | Nust |
| 005 - DATE AND TIME OF LATEST TRANSACTION | |
| control field | 20170331154813.0 |
| 008 - FIXED-LENGTH DATA ELEMENTS--GENERAL INFORMATION | |
| fixed length control field | 010910s2001 dcuab 001 0 eng |
| 010 ## - LIBRARY OF CONGRESS CONTROL NUMBER | |
| LC control number | 2001039904 |
| 020 ## - INTERNATIONAL STANDARD BOOK NUMBER | |
| International Standard Book Number | 9780747273851 |
| 040 ## - CATALOGING SOURCE | |
| Original cataloging agency | DLC |
| Transcribing agency | DLC |
| Modifying agency | DLC |
| 042 ## - AUTHENTICATION CODE | |
| Authentication code | pcc |
| 050 00 - LIBRARY OF CONGRESS CALL NUMBER | |
| Classification number | QB541 |
| Item number | .S65 2001 |
| 082 00 - DEWEY DECIMAL CLASSIFICATION NUMBER | |
| Classification number | 523.78 |
| Author Mark | STE |
| 100 1# - MAIN ENTRY--PERSONAL NAME | |
| Personal name | Steel, Duncan, |
| Dates associated with a name | 1955- |
| 245 10 - TITLE STATEMENT | |
| Title | Eclipse : |
| Remainder of title | the celestial phenomenon that changed the course of history / |
| Statement of responsibility, etc. | Duncan Steel ; foreword by Paul Davies. |
| 260 ## - PUBLICATION, DISTRIBUTION, ETC. | |
| Place of publication, distribution, etc. | Washington, DC : |
| Name of publisher, distributor, etc. | Joseph Henry Press, |
| Date of publication, distribution, etc. | 1999. |
| 300 ## - PHYSICAL DESCRIPTION | |
| Extent | xv, 365 p. : |
| Other physical details | ill., map ; |
| Dimensions | 19 cm. |
| 500 ## - GENERAL NOTE | |
| General note | Includes index. |
| 505 8# - FORMATTED CONTENTS NOTE | |
| Formatted contents note | Machine generated contents note: 1 From the Depths of Time:The Earliest Recorded Eclipses --2 The Heavenly Cycles --3 Making Predictions --4 A Warp in Space --5 The Turbulent Sun --6 Ancient Eclipses and the Length of the Day --7 Eclipses and the Size of the Sun --8 The American Eclipses of 1780 and 1806 --9 The Rocky Mountain Eclipse of 1878 10 The Great New York City Winter Eclipse --11 Nantucket, the Astronomically Blessed --12 Eclipses of the Third Kind --13 and a Fourth --14 Stepping Beyond the Solar System --15 An Eclipse Chaser's Guide --16 An Eclipse Whodunit --Appendix: Calculating Eclipses --Glossary of Astronomical and Scientific Terms --Picture Credits. |
| 650 #0 - SUBJECT ADDED ENTRY--TOPICAL TERM | |
| Topical term or geographic name entry element | Eclipses |
| Form subdivision | Popular works. |
| 856 41 - ELECTRONIC LOCATION AND ACCESS | |
| Materials specified | Table of contents |
| Uniform Resource Identifier | <a href="http://www.loc.gov/catdir/toc/fy031/2001039904.html">http://www.loc.gov/catdir/toc/fy031/2001039904.html</a> |
| 906 ## - LOCAL DATA ELEMENT F, LDF (RLIN) | |
| a | 7 |
| b | cbc |
| c | orignew |
| d | 1 |
| e | ocip |
| f | 20 |
| g | y-gencatlg |
| 942 ## - ADDED ENTRY ELEMENTS (KOHA) | |
| Source of classification or shelving scheme | |
| Koha item type | Book |
| Withdrawn status | Lost status | Source of classification or shelving scheme | Damaged status | Not for loan | Permanent Location | Current Location | Shelving location | Date acquired | Total Checkouts | Total Renewals | Full call number | Barcode | Date last seen | Date last checked out | Copy number | Price effective from | Koha item type |
|---|---|---|---|---|---|---|---|---|---|---|---|---|---|---|---|---|---|
| Central Library (CL) | Central Library (CL) | Fiction | 03/31/2017 | 1 | 4 | 523.78 STE | CL1601 | 02/12/2024 | 09/15/2023 | 1 | 03/31/2017 | Book |
